Featurings avec Laylow - Statistiques

Statistiques générales
  • Ce quiz a été pris 170 fois
  • Le résultat moyen est 23 sur 57
Statistiques - réponses
Hint Réponse % Correct
R9R-Line Damso
96%
Window Shopper Part. 2 Hamza
90%
Spécial Fousheé | Nekfeu
88%
Plug Jok'Air
86%
Stars Doums
80%
Burning Man Lomepal
80%
Stuntmen WIT. | Alpha Wann
80%
Vive le gang Jok'Air
78%
Brûle Josman
78%
Clic Clac Bang Bang Jok'Air
74%
... De Bâtard Wit.
73%
Pichichi Anderson Dinos
72%
Ciel pleure Dinos
69%
Dernière ligne droite SCH
67%
.Raw Spleen Jazzy Bazz
64%
Gogo Jok'Air
64%
Vamonos Alpha Wann
63%
Triste anniversaire Dinos
61%
Démons Joanna
54%
Gangster & gentleman Jok'Air
47%
BRRR Vladimir Cauchemar | Rim'K | Asdek
47%
Hillz S.Pri Noir
46%
Kawasaki S.Pri Noir
42%
Z-Machine Wit.
41%
Visa Madd
37%
Ice Zed
36%
Station II - Digital Emotions Prinzly
34%
Mama Mia Wit.
32%
Experience Cerrone
31%
Fallen Angels slowthai
31%
Real Love Charlotte Cardin
29%
Tempête Mister V
29%
Le plan S.Pri Noir
28%
Chicha Ski Nautique Walk in Paris | ISHA
28%
Loco Wit.
28%
Elle aime Lefa
26%
Sang froid Sneazzy
26%
Dennis Rodman Binks Beatz
25%
Film Fr Slimka
24%
Batards Koba LaD
23%
À la vie à la mort Aladin 135
20%
Money Call Naar | Madd | Shobee
16%
Playmate Coyote Jo Bastard
15%
Vide Hatik
15%
911 Ikaz Boi
15%
No Love Sneazzy
15%
Vroum Vroum Les Alchimistes
13%
Amor Di-Meh
12%
Sienta Bien Bhavi
9%
Train de vie Shobee
9%
B!tch Hamza
4%
Crime Passionnel Sir'Klo
4%
Fratello Swift Guad
4%
Slowdown Tortoz | Ormaz
4%
Ma belle Hyacinthe
1%
S.R.N.A Oggy Nilz
1%
Western Union Lala &ce
0%
Aucun quiz correspondant
Distribution des résultats
% des personnes avec chaque résultat
Percentile par nombre de réponses
Votre historique - résultats
Vous n’avez pas pris ce quiz